[Event "Wch U10 Girls"]
[Site "Batumi"]
[Date "2022.09.17"]
[Round "2"]
[White "Amanzhol, Khanzada"]
[Black "Li, Iris"]
[Result "1-0"]
[WhiteElo "1241"]
[BlackElo "1651"]
[PlyCount "121"]
[EventDate "2022.09.16"]
[EventType "swiss"]
[EventRounds "11"]
[EventCountry "GEO"]
[SourceTitle "EXT 2023"]
[Source "ChessBase"]
[SourceDate "2022.10.05"]
[SourceVersion "1"]
[SourceVersionDate "2022.10.05"]
[SourceQuality "1"]

1. d4 Nf6 2. Nf3 g6 3. g3 Bg7 4. Bg2 0-0 5. 0-0 d6 6. c4 Nc6 7. Nc3 a6 8. Bd2 Bd7 9. Rc1 Rb8 10. d5 Na5 11. b3 c5 12. e4 b5 13. cxb5 axb5 14. e5 Ng4 15. exd6 exd6 16. Ne4 Nb7 17. Bf4 Bf5 18. Nh4 Bxe4 19. Bxe4 f5 20. Bd3 b4 21. Nf3 h6 22. Nh4 Qf6 23. Kg2 Nd8 24. Re1 Kh7 25. Nxf5 Nxf2 26. Kxf2 gxf5 27. Kg2 Ra8 28. Rc2 Ra7 29. Rf2 Kh8 30. Be3 Qe5 31. Bb1 Re7 32. Ree2 Qc3 33. Rf3 f4 34. Bxf4 Rxe2+ 35. Qxe2 Qd4 36. Qc2 Kg8 37. Qh7+ Kf7 38. Be5+ Ke8 39. Bxd4 Rxf3 40. Kxf3 Bxd4 41. Bg6+ Kf8 42. Qd7 Bf6 43. Qxd6+ Be7 44. Qf4+ Kg7 45. d6 Bg5 46. Qf5 Bf6 47. d7 Be7 48. Qe5+ Bf6 49. Qe8 Bg5 50. h4 Bf6 51. Kg4 h5+ 52. Bxh5 c4 53. bxc4 b3 54. axb3 Kh7 55. Qg6+ Kh8 56. Qxf6+ Kh7 57. Qxd8 Kg7 58. Qe7+ Kh6 59. Qf6+ Kh7 60. Qg6+ Kh8 61. d8R# 1-0

[Event "KAZ-ch U10 Girls"]
[Site "Ak Bulak"]
[Date "2022.03.21"]
[Round "3"]
[White "Amanzhol, Khanzada"]
[Black "Abylaykyzy, Bibisara"]
[Result "0-1"]
[WhiteElo "1092"]
[BlackElo "1342"]
[PlyCount "116"]
[EventDate "2022.03.20"]
[EventType "swiss"]
[EventRounds "9"]
[EventCountry "KAZ"]
[SourceTitle "EXT 2023"]
[Source "ChessBase"]
[SourceDate "2022.10.05"]
[SourceVersion "1"]
[SourceVersionDate "2022.10.05"]
[SourceQuality "1"]

1. d4 Nf6 2. c4 e6 3. Nc3 Bb4 4. Bg5 Bxc3+ 5. bxc3 d6 6. Nf3 Nbd7 7. e3 e5 8. Qc2 0-0 9. Bd3 h6 10. Bh4 Re8 11. Be2 Nf8 12. Rd1 Ng6 13. Bg3 Qe7 14. Nh4 Nf8 15. Nf3 e4 16. Nd2 Ng6 17. h4 h5 18. Rb1 b6 19. Qd1 Bg4 20. Nf1 Bxe2 21. Qxe2 d5 22. cxd5 Nxd5 23. Rb3 a5 24. a4 Qe6 25. Qc4 Nb4 26. Qxe6 Nd3+ 27. Kd2 Rxe6 28. Bxc7 Nxf2 29. Rh2 Ng4 30. Rh1 Rc6 31. Bg3 Nf6 32. Nh2 Nd5 33. Rc1 Rc4 34. Rb5 Rd8 35. Ra1 Rxc3 36. Rxd5 Rd3+ 37. Ke2 Rxd5 38. Rb1 Ra3 39. Rxb6 Rxa4 40. Rb2 Ra1 41. Kd2 Rg1 42. Kc3 a4 43. Kc4 Rd8 44. d5 a3 45. Re2 Ne7 46. Rd2 Rc1+ 47. Kb3 Rxd5 48. Ra2 Rb5+ 49. Ka4 Rb7 50. Ka5 Nc6+ 51. Ka6 Nb4+ 52. Kxb7 Nxa2 53. Be5 Nc3 54. Bxc3 Rxc3 55. Nf1 a2 56. Nd2 a1Q 57. Nxe4 Qb1+ 58. Ka6 Ra3# 0-1